00726nam a22002057a 450000500170000001000140001702000230003103500140005403700130006808200140008110000310009524500770012626000620020327000480026530000240031376000060033794200280034399900190037195201300039020240301162704.0 aEN-139430 a9788191067385c595 aEN-122962 bDBAD/PUB a20021b1 aVrekhem,Georges Van962746 aEvolution Religion And The Unknown God/cBy Georges Van VrekhemhEnglish aNew DelhibAn Imprint of Manjul Publishing Pvt. Ltdc2011 a Jor Bagh Lane New DelhibNew Delhie110003 a292Pagesc24.cm pbk b1 cENh2002ddcmVREe2011 c201160d201160 001040708NFICaPRbPRd2024-02-29eDBAD/PUBg595.00l0o200 VREpEN-122962r2024-02-29 00:00:00t1v595.00w2024-02-29yEN